| 000 | 00619nam a22001697a 4500 | ||
|---|---|---|---|
| 005 | 20251108175432.0 | ||
| 008 | 250721s2015 xx 000 0 ara d | ||
| 082 | 1 | 4 | _a327.00956/ما |
| 100 | 1 |
_aالجرطي، محمد _eمحرر |
|
| 245 | 1 | 0 | _aما بعد الربيع العربي في العلاقات الدولية من الأمل إلى الصراع الجيو -إستراتيجي / |
| 264 | 1 |
_aراس الخيمة : _bدار نون للنشر، _c2015. |
|
| 300 | _a158 ص. | ||
| 650 | 1 | 7 | _aالعلاقات الدولية |
| 650 | 1 | 7 | _aالبلدان العربية |
| 942 |
_2ddc _cBK |
||
| 999 |
_c134055 _d134055 |
||